000
00396nam a22001697a 4500
003
MPLRDC
005
20220104142349.0
008
210129b ||||| |||| 00| 0 eng d
082
_a
857.7 DFL-2
100
_a
东方玲
245
_a
豆芽情
_c
250
_a
初版
260
_a
_b
环球图书杂志出版社
_c
1991
300
_b
平
650
_a
长篇小说
942
_c
BK
_o
857.7 DFL-2
999
_c
30226
_d
30216